Vital statistics 1974 Japan

সংরক্ষণ করুন:
গ্রন্থ-পঞ্জীর বিবরন
বিন্যাস: গ্রন্থ
ভাষা:Undetermined
প্রকাশিত: [Japan] Health and Welfare Statistics and information Department, Minister's Secretariat Ministry Of Health and Welfare 1974
বিষয়গুলি:
ট্যাগগুলো: ট্যাগ যুক্ত করুন
কোনো ট্যাগ নেই, প্রথমজন হিসাবে ট্যাগ করুন!
Thư viện lưu trữ: Trung tâm Học liệu Trường Đại học Cần Thơ
LEADER 00504nam a2200157Ia 4500
001 CTU_111433
008 210402s9999 xx 000 0 und d
082 |a 362 
082 |b V836/Vol.2 
245 0 |a Vital statistics 1974 Japan 
260 |a [Japan] 
260 |b Health and Welfare Statistics and information Department, Minister's Secretariat Ministry Of Health and Welfare 
260 |c 1974 
650 |a Health services 
904 |i M.Loan 
980 |a Trung tâm Học liệu Trường Đại học Cần Thơ